Russia and the World Economy Problems of Integration

Enregistré dans:
Détails bibliographiques
Auteur principal: Smith, Alan
Format: Livre
Langue:anglais
Publié: London Routledge 1993
Édition:1. ed.
Sujets:
Tags: Ajouter un tag
Pas de tags, Soyez le premier à ajouter un tag!

MARC

LEADER 00000nam a2200000 4500
001 c013045
005 20221206075006.6
020 |a 0-415-08925-5 
041 0 |a eng 
044 |a GB 
245 1 0 |a Russia and the World Economy  |b Problems of Integration  |c Alan Smith 
250 |a 1. ed. 
264 1 |a London  |b Routledge  |c 1993 
300 |a 253 s. 
610 2 0 |a hospodárstvo svetové 
610 2 0 |a integrácia ekonomická medzinárodná 
610 2 0 |a Rusko 
610 2 0 |a hospodárstvo kapitalistické 
610 2 0 |a hospodárstvo socialistické 
610 2 0 |a plánovanie hospodárske 
100 1 |a Smith, Alan